Top 10 Songs by Judas Priest - Statistics

General Stats
  • This quiz has been taken 3 times
  • The average score is 2 of 10
Answer Stats
Hint Answer % Correct
1 Breaking the Law
100%
3 Painkiller
67%
5 Electric Eye
33%
8 Turbo Lover
33%
4 Living After Midnight
0%
6 Night Crawler
0%
7 No Surrender
0%
9 The Sentinel
0%
10 Victim of Changes
0%
2 You're Got Another Thing Coming
0%
No matching quizzes found
Score Distribution
Percent of People with Each Score
Percentile by Number Answered
Your Score History
You have not taken this quiz